Panamá: los desafíos fecundos /
Guardado en:
| Autor principal: | |
|---|---|
| Formato: | Texto |
| Materias: | |
| Etiquetas: |
Agregar Etiqueta
Sin Etiquetas, Sea el primero en etiquetar este registro!
|
MARC
| LEADER | 00000 a a2200000 04500 | ||
|---|---|---|---|
| 001 | 1475 | ||
| 003 | |||
| 040 | |||
| 100 | |a Leis, Raúl | ||
| 245 | |a Panamá: |b los desafíos fecundos / |c Raúl Leis | ||
| 650 | |a POBREZA | ||
| 650 | |a POLITICA | ||
| 650 | |a NEOLIBERALISMO | ||
| 650 | |a PANAMA | ||
| 773 | |g número 92; páginas 23-24 | ||
| 999 | |c 19928 |d 19928 | ||
